Tyršovy snahy vojenské ; Tyrš či Hanuš? ; Vliv Darwinovy nauky na Tyrše /

Hlavní autor: Havlíček, Věnceslav, 1894-1976
Jazyk: Čeština
Vydáno: V Praze : Československá obec sokolská, 1923
Edice: Tyršův sborník
Fyzický popis: 69 s. ; v. 8°
Knihy
Uloženo v:
LEADER 01171nam a22003012a 4500
001 001093991
003 CZ BrMZK
005 20180219134721.0
007 ta
008 100421s1923 xr er|||||||||||cze d
015 |a cnb000571033 
040 |a ABA001  |b cze  |c OSA001  |d ABA001  |d BOA001 
100 1 |a Havlíček, Věnceslav,  |d 1894-1976  |7 jk01040355  |4 aut 
245 1 0 |a Tyršovy snahy vojenské ;  |b Tyrš či Hanuš? ; Vliv Darwinovy nauky na Tyrše /  |c Věnceslav Havlíček 
260 |a V Praze :  |b Československá obec sokolská,  |c 1923 
300 |a 69 s. ;  |c v. 8° 
490 1 |a Tyršův sborník ;  |v 7 
504 |a Obsahuje bibliografii 
740 0 2 |a Tyrš či Hanuš? 
740 0 2 |a Vliv Darwinovy nauky na Tyrše 
830 0 |a Tyršův sborník  |0 s 
910 |a BOA001  |b DEML-0646.750  |b 2-0047.399,7 
990 |a BK 
993 |a Y 
991 |b 201004 
996 7 |b 2618916998  |c 2-0047.399,7  |l MZK  |r Sklad / do 24 hodin  |n 0  |w 001119657  |u 000030  |a 1  |e BOA001  |j MZK50  |s A 
996 6 |b 2618916999  |c 2-0047.399,7  |l MZK  |r Sklad / do 24 hodin  |n 0  |w 001119657  |u 000020  |a 1  |e BOA001  |j MZK50  |s P 
996 6 |b 2619358644  |c DEML-0646.750  |l MZK  |r Sklad / do 24 hodin  |n 8  |w 001119657  |u 000010  |a 1  |e BOA001  |j MZK50  |s P